000 00315nam a22001337a 4500
041 _aENG
100 _aBalagurusamy E
245 _aObject-Oriented Programmin With C++
250 _asecond Ed
260 _aDelhi
_bTata Mcgraw -Hill Pub
_c2001
300 _a533
650 _aCompetitive Exam
856 _uComputer
999 _c711
_d711